| 000 | 00688nam a22002172 4500 | ||
|---|---|---|---|
| 001 | 0000007495 | ||
| 005 | 20151217145838.0 | ||
| 008 | 080208s xx 000 0 eng d | ||
| 020 |
_a0761974709 : _cKES |
||
| 040 |
_aKABU _cKABU |
||
| 100 | 1 |
_aOlssen, Mark. _@0000158721 |
|
| 245 | 1 | 0 |
_aEducation policy : _bglobalization, citizenship and democracy / _cMark Olssen, John Codd and Anne-Marie O'Neill. |
| 260 |
_aLondon : _bSage, _c2004. |
||
| 300 | _ax, 326 p. | ||
| 650 | 0 |
_aEducation and state. _@0000158722 |
|
| 700 | 1 |
_aCodd, John. _@0000158723 |
|
| 700 | 1 |
_aO'Neill, Anne-Marie. _@0000158724 |
|
| 908 | _a080208 | ||
| 950 | _@1 | ||
| 999 |
_c3218 _d3218 |
||